000 00449nam a2200193Ia 4500
008 210210b1964 xxu||||| |||| 00| 0 eng d
041 _aeng
082 _a320/443
100 _aPANIKKAR (K M)
245 _aPrinciples and practice of diplomacy
260 _a
_bNot Mentioned
_c1964
650 _aPrinciples
650 _apractice
650 _aof
650 _adiplomacy
650 _aand
690 _aPolitical Science
906 _a003087
999 _c118420
_d118420